| 000 | 00880nam a2200253 i 4500 | ||
|---|---|---|---|
| 005 | 20260427124536.0 | ||
| 008 | 260427s2025 my gr 000 fdmay d | ||
| 020 |
_a9786297561516 _cRM45.00 _qpaperback |
||
| 040 |
_aPPAK _beng _cPPAK _erda |
||
| 082 | 0 | 4 |
_a899.2333 _223 |
| 090 | 0 | 0 |
_a899.2333 _bAZI _dG |
| 090 | 2 | 0 |
_a899.2333 _bAZI _dKK |
| 100 | 0 |
_aAzizi Haji Abdullah, _d1942-2011, _eauthor. |
|
| 245 | 1 | 0 |
_aMemoir Seorang Guru / _cAZIZI HAJI ABDULLAH ; Editor Bahasa: Noor Suraya |
| 264 | 1 |
_aKajang, Selangor : _bJIWA Sebuah imprin yang dimiliki oleh JT PUBLISHING HOUSE SDN BHD, _c[2025?] |
|
| 300 |
_av, 368 pages ; _c20 cm |
||
| 336 |
_atext _2rdacontent |
||
| 337 |
_aunmediated _2rdamedia |
||
| 338 |
_avolume _2rdacarrier |
||
| 650 | 1 | 0 | _aMalay fiction. |
| 650 | 2 | 4 | _aMalaysian fiction (Malay). |
| 700 | 0 |
_aNoor Suraya, _eeditor. |
|
| 942 |
_2ddc _cB |
||
| 999 |
_c204047 _d204047 |
||